000 00256nam a2200097Ia 4500
001 713191
005 20250826162841.0
008 250824s9999 xx 000 0 und d
245 0 _aFETİH SANCAKLARI
_cAHMET YILMAZ BOYUNAĞA
260 _bGENÇ TİMAŞ YAYINLARI
999 _c713191
_d713191